Statistiques concernant L'année 2000 en sport

Cliquez ici pour prendre le quiz!

Statistiques générales

  • Ce quiz a été pris 143 fois
  • Le résultat moyen est 8 sur 15

Statistiques - réponses

HintRéponse% Correct
Joueur ayant marqué le but en or de la finale de l'euro 2000David Trezeguet
94%
Ecurie de formule 1 championne du monde des constructeursFerrari
92%
Entraineur d'Arsenal, finaliste de la coupe de l'UEFA cette année-làArsène Wenger
89%
Nation remportant son premier match dans le tournoi des 6 nationsItalie
79%
Attaquant camerounais de 19 ans, médaillé d'or et buteur en finale du tournoi masculin de football aux jeux olympiquesSamuel Eto'o
73%
Défenseur brésilien gagnant la ligue des champions avec le Real MadridRoberto Carlos
72%
Ville organisant les jeux olympiquesSydney
63%
Française remportant Rolland-GarrosMary Pierce
49%
Handballeur français élu meilleur joueur du championnat d'EuropeJackson Richardson
38%
Franchise NBA championne pour la 12ème foisLos Angeles Lakers
32%
Club remportant son 9ème championnat de France de basket-ball masculinLimoges
26%
Cycliste française battant le record du monde de l'heureJeannie Longo
25%
Nation remportant la médaille d'or olympique de water-polo masculinHongrie
17%
Athlète aborigène (féminine) allumant la flamme olympique et remportant la médaille d'or du 400 mètresCathy Freeman
8%
Décès de cet athlète tchécoslovaque ayant remporté 4 titres olympiques entre 1948 et 1952Emil Zatopek
8%

Distribution des résultats

Percentile par nombre de réponses

% des personnes avec chaque résultat

Votre développement - résultats

Vous n’avez pas pris ce quiz